NLSUI OPAC header image

Left legalism/left critique / (Record no. 116130)

MARC details
000 -LEADER
fixed length control field 01213cam a2200325 a 4500
001 - CONTROL NUMBER
control field 12763693
003 - CONTROL NUMBER IDENTIFIER
control field OSt
005 - DATE AND TIME OF LATEST TRANSACTION
control field 20200611165449.0
008 - FIXED-LENGTH DATA ELEMENTS--GENERAL INFORMATION
fixed length control field 020503s2002 ncu b 001 0 eng
010 ## - LIBRARY OF CONGRESS CONTROL NUMBER
LC control number 2002006794
020 ## - INTERNATIONAL STANDARD BOOK NUMBER
International Standard Book Number 0822329751 (cloth : alk. paper)
020 ## - INTERNATIONAL STANDARD BOOK NUMBER
International Standard Book Number 0822329689 (pbk. : alk. paper)
040 ## - CATALOGING SOURCE
Original cataloging agency DLC
Transcribing agency DLC
Modifying agency DLC
043 ## - GEOGRAPHIC AREA CODE
Geographic area code n-us---
050 00 - LIBRARY OF CONGRESS CALL NUMBER
Classification number KF380
Item number .L44 2002
082 00 - DEWEY DECIMAL CLASSIFICATION NUMBER
Classification number 340.1 JAN
Edition number 21
245 00 - TITLE STATEMENT
Title Left legalism/left critique /
Statement of responsibility, etc. edited by Wendy Brown and Janet Halley.
260 ## - PUBLICATION, DISTRIBUTION, ETC.
Place of publication, distribution, etc. Durham :
Name of publisher, distributor, etc. Duke University Press,
Date of publication, distribution, etc. 2003
300 ## - PHYSICAL DESCRIPTION
Extent viii, 447 p. ;
Dimensions 25 cm.
504 ## - BIBLIOGRAPHY, ETC. NOTE
Bibliography, etc. note Includes bibliographical references and index.
650 #0 - SUBJECT ADDED ENTRY--TOPICAL TERM
Topical term or geographic name entry element Law
Geographic subdivision United States
General subdivision Philosophy.
650 #0 - SUBJECT ADDED ENTRY--TOPICAL TERM
Topical term or geographic name entry element New Left
Geographic subdivision United States.
650 #0 - SUBJECT ADDED ENTRY--TOPICAL TERM
Topical term or geographic name entry element Critical legal studies.
700 1# - ADDED ENTRY--PERSONAL NAME
Personal name Brown, Wendy,
Dates associated with a name 1955-
700 1# - ADDED ENTRY--PERSONAL NAME
Personal name Halley, Janet E.,
Dates associated with a name 1952-
856 41 - ELECTRONIC LOCATION AND ACCESS
Materials specified Table of contents
Uniform Resource Identifier <a href="http://www.loc.gov/catdir/toc/fy035/2002006794.html">http://www.loc.gov/catdir/toc/fy035/2002006794.html</a>
906 ## - LOCAL DATA ELEMENT F, LDF (RLIN)
a 7
b cbc
c orignew
d 1
e ecip
f 20
g y-gencatlg
942 ## - ADDED ENTRY ELEMENTS (KOHA)
Source of classification or shelving scheme Dewey Decimal Classification
Koha item type CSSEIP Office Library Collection
Holdings
Withdrawn status Lost status Source of classification or shelving scheme Materials specified (bound volume or other part) Damaged status Not for loan Home library Current library Shelving location Date acquired Total Checkouts Full call number Barcode Date last seen Price effective from Koha item type Public note
    Dewey Decimal Classification HB     . . CSSEIP Office Library - Ambedkar Studies Books 11.06.2020   340.1 JAN AMB017 11.06.2020 11.06.2020 CSSEIP Office Library Collection Available in CSSEIP Department Library